| 000 | 00587nam a22001577a 4500 | ||
|---|---|---|---|
| 003 | OSt | ||
| 005 | 20151002140754.0 | ||
| 008 | 151002b xxu||||| |||| 00| 0 eng d | ||
| 040 | _cRUA | ||
| 082 | _aAVM កុសល 1993 B066 Or.1 | ||
| 100 |
_91758 _aកុសល ម៉ាឡែន |
||
| 245 | _aការស្រាវជ្រាវបុព្វហេតុ នៃមេគោរលូតកូននៅស្ថានីយ៏ចិញ្ចឹមសត្វ ភ្នំតាម៉ៅ | ||
| 260 |
_aPhnom Penh _bRUA _c1993 |
||
| 300 |
_a61p. _bill. _c29cm. |
||
| 942 |
_2ddc _cAVM |
||
| 999 |
_c1659 _d1659 |
||